000 00953nam a2200301 a 4500
001 vtls001791780
003 NLI
005 20210629044212.0
008 140215s1897 xx f 000 0 eng
039 9 _y201402152201
_zVLOAD
040 _a NLI
_b eng
_c Entertech IMP - 2013
_e AACR2
041 0 _aeng
044 _axx
082 _a131
100 1 _aNares, George Strong,
_cSir
_91179597
245 1 0 _aSeamanship
_including names of principal parts of a ship; masts, sails, yards etc. /
_cGeorge Strong Nares ; revised by Commander T.P. Walker
250 _a7th enl ed.
260 _aPortsmouth :
_bGriffin,
_c1897
300 _aviii, [2] p, 1 1, 334 p. :
_bill, plates. (part. col. & part. fold) ;
_c22 cm.
500 _aBrittle
650 0 _aSeamanship
_9712279
650 0 _aShipping
_9678555
887 _a
901 _aIMP18650
902 _a131 G 131
949 _AVIRTUAITEM
_D10000
_X100
_6IMP000018650ENG
942 _2ddc
_cBKS
999 _c1228024
_d1228024